000 00714nam a2200289Ia 4500
005 20260324113955.0
008 008 260324s9999 xx 000 0 eng d
020 _a9781003344575
037 _aEBOOK
040 _aCRL
040 _beng
040 _cCRL
041 _2eng
041 _aeng
084 _qCRL
100 _aSteve Swauger
_91148916
245 0 _aMaster Airline Pilot
245 0 _bApplying Human Factors to Reach Peak Performance and Operational Resilience
260 _bTaylor and Francis
260 _c2023
365 _a
365 _b305
856 _uhttp://www.taylorfrancis.com/books/9781003344575
942 _cEBOOK
999 _c1738856
_d1738856